Normale Ansicht MARC-Ansicht ISBD

Intelligencija Sibiri v pervoj treti XX veka : (Titelsatznr. 19296)

[ MARC ]
MARC-Details
000 -Satzkennung
Kontrollfeld mit fester Länge 00600nam a22002051c 4500
001 - Kontrollnummer
Kontrollfeld a987663259
008 - Feld mit fester Länge zur physischen Beschreibung - Allgemeine Angaben
Kontrollfeld mit fester Länge 090310s2007 gw |||| 000u rus d
041 ## - Sprachcode
Sprachcode des Textes/der Tonspur oder des separaten Titels rus
040 ## - Katalogisierungsquelle
Übertragungsstelle RU-10907106
003 - Kontrollnummer Identifier
Kontrollfeld RU-10907106
245 00 - Titel
Titel Intelligencija Sibiri v pervoj treti XX veka :
Zusatz zum Titel status i korporativnye cennosti
264 ## - Produktion, Veröffentlichung, Distribution, Herstellung und Urheberrechtsvermerk
Herstellungs-, Veröffentlichungs- Vertriebs-, Erzeugungsort Novosibirsk :
Produzent, Herausgeber, Distributor, Hersteller Sova,
Datum der Herstellung, der Veröffentlichung, des Vertriebs oder des Urheberschutzvermerks 2007
300 ## - Physische Beschreibung
Umfang 309 S.
650 #0 - Nebeneintragung unter einem Schlagwort - Sachschlagwort
Sachschlagwort oder geografischer Name als Eintragungselement Gesellschaft
651 #0 - Nebeneintragung unter einem Schlagwort - Geografischer Name
Geografischer Name Sibirien
700 1# - Nebeneintragung - Personenname
Personenname Krasil'nikov, Sergej A.
Funktionsbezeichnung HerausgeberIn
700 1# - Nebeneintragung - Personenname
Personenname Pystina, L. I.
Funktionsbezeichnung HerausgeberIn
710 2# - Nebeneintragung - Körperschaftsname
Körperschafts- oder Gebietskörperschaftsname als Eintragungselement RAN / Sibirskoe otdelenie / Institut istorii
942 ## - Zusätzliche Felder (Koha)
Koha-Medientyp Monographien
Exemplare
Ausgeschieden Verloren Klassifikation oder Aufstellungssystematik Beschädigt Nicht entleihbar Heimatbibliothek Aufenthaltsbibliothek Aufstellungsort Erwerbungsdatum Inventarnummer Signatur Barcode Letzte Aktivität Preis gültig von Koha-Medientyp
    Andere/Generische Klassifikation     MWN Osteuropa MWN Osteuropa Magazin - 2 10/03/2009 09-01496 R 62 f Kra 4 E004015079084E2C 23/02/2021 22/03/2021 Monographien